| 000 | 00535nam a22001937a 4500 | ||
|---|---|---|---|
| 005 | 20251108164216.0 | ||
| 008 | 250721s1999 xx 000 0 ara d | ||
| 082 | 1 | 4 | _aق/دوب |
| 100 | 1 | _aدوبوفوار، سيمون | |
| 245 | 1 | 0 | _aالمدعوة / |
| 264 | 1 |
_aبيروت : _bدار الأنتشار، _c1999. |
|
| 300 | _a604ص | ||
| 650 | 1 | 7 | _aالأدب المترجم |
| 650 | 1 | 7 | _aالأدب الفرنسي |
| 650 | 1 | 7 | _aالقصص |
| 700 | 1 |
_aصالح، دانيال _eترجمة |
|
| 942 |
_2ddc _cBK |
||
| 999 |
_c6396 _d6396 |
||